Loading...
| History - American History | 0 | 3 | 0 | 1 | 30 | 87 | 110.33 | 1 | 3 |
| Beliefs | 1 | 2 | 1 | 0 | 30 | 61 | 101.67 | 0 | 3 |
| Social Science | 0 | 2 | 0 | 0 | 20 | 82 | 93.00 | 1 | 2 |
| 0 | 2 | 1 | 2 | 15 | 132 | 135.00 | 0 | 2 | |
| Science - Biology | 0 | 1 | 0 | 0 | 10 | 93 | 93.00 | 0 | 1 |
| History - World History | 0 | 1 | 0 | 1 | 10 | 129 | 129.00 | 0 | 1 |
| Science - Chemistry | 0 | 1 | 0 | 1 | 10 | 122 | 122.00 | 0 | 1 |
| Other Science: Astronomy | 0 | 1 | 0 | 1 | 10 | 150 | 150.00 | 0 | 1 |
| Other Science: Earth Science | 0 | 1 | 0 | 0 | 10 | 105 | 105.00 | 0 | 1 |
| History - European History | 0 | 1 | 1 | 0 | 5 | 142 | 142.00 | 0 | 1 |
| Fine Arts - Auditory Fine Arts | 0 | 0 | 0 | 0 | 0 | 0.00 | 0 | 0 | |
| Philosophy | 0 | 0 | 0 | 0 | 0 | 0.00 | 0 | 0 | |
| Literature - British Literature | 0 | 0 | 1 | 0 | -5 | 0.00 | 0 | 0 | |
| Fine Arts - Visual Fine Arts | 0 | 0 | 1 | 0 | -5 | 0.00 | 0 | 0 | |
| Geography | 0 | 0 | 1 | 0 | -5 | 0.00 | 0 | 0 |